Văn hóa xứ Quảng qua ca dao, tục ngữ /
Mot so khai niem văn hoa,ca dao,tuc ngư.Văn hoa xư Quang đươc the hien qua đia danh va san vat qua phương tien ca dao tuc ngư.Văn hoa giao tiep cua ngươi xư Quang qua cadao tuc ngữ.
Salvato in:
| Autore principale: | |
|---|---|
| Altri autori: | |
| Natura: | Tesi Libro |
| Lingua: | Vietnamese |
| Pubblicazione: |
ĐHĐN-Trương ĐH ngoai ngữ,
2015.
|
| Soggetti: | |
| Tags: |
Aggiungi Tag
Nessun Tag, puoi essere il primo ad aggiungerne! !
|
| Thư viện lưu trữ: | Mạng thư viện Đại học Đà Nẵng |
|---|
| LEADER | 01536cam a22003851a 4500 | ||
|---|---|---|---|
| 001 | 000035585 | ||
| 003 | 11872 | ||
| 005 | 20230412155302.0 | ||
| 008 | 160301s2015 000 vie | ||
| 040 | |a LNN | ||
| 041 | |a vie | ||
| 082 | |a 398.9 |b TR-T | ||
| 100 | |a Trần Ngọc Trang | ||
| 245 | 0 | |a Văn hóa xứ Quảng qua ca dao, tục ngữ / |c Trần Ngọc Trang. | |
| 246 | |a Luan văn tot nghiep | ||
| 260 | |b ĐHĐN-Trương ĐH ngoai ngữ, |c 2015. | ||
| 300 | |a ; 30cm : |b 71 tr;. | ||
| 502 | |a Luan văn sinh vien | ||
| 505 | |a Chuyen nghanh Quoc te hoc | ||
| 520 | |a Mot so khai niem văn hoa,ca dao,tuc ngư.Văn hoa xư Quang đươc the hien qua đia danh va san vat qua phương tien ca dao tuc ngư.Văn hoa giao tiep cua ngươi xư Quang qua cadao tuc ngữ. | ||
| 650 | |a Van hoa xư Quang |x Ca dao,tục ngữ | ||
| 653 | |a Trần Ngọc Trang,2015, xứ Quảng qua ca dao, tục ngữ, Văn hóa xứ Quảng | ||
| 700 | |a ThS.Lưu Văn Din |b huong dan | ||
| 852 | |b Luan vă tot nghiep |c SV Khoa Quoc te hoc | ||
| OWN | |a LNN | ||
| AVA | |a UDN50 |b LNN |d 398.9 TR-T |e available |t Error 5001 Not defined in file expand_doc_bib_avail. |f 1 |g 0 |h N |i 0 |k 1 | ||
| 999 | |a From the UDN01 | ||
| AVA | |a UDN50 |b LNN |d 398.9 TR-T |e available |t Error 5001 Not defined in file expand_doc_bib_avail. |f 1 |g 0 |h N |i 0 |k 1 | ||
| TYP | |a Dissertation | ||
| TYP | |a Monograph | ||
| TYP | |a Printed language | ||
| 980 | |a Mạng thư viện Đại học Đà Nẵng | ||